Statistiques concernant Détective Conan

Cliquez ici pour prendre le quiz!

Statistiques générales

  • Ce quiz a été pris 256 fois
  • Le résultat moyen est 7 sur 10

Statistiques - réponses

QuestionRéponse% Correct
Comment s'appelle Shinichi Kudo/ Quelle est la nouvelle identité de Shinichi Kudo ?Conan Edogawa
98%
De qui Shinichi est-il amoureux ?Ran Mouri
98%
Comment s'appelle le meilleur ami de Shinchi ?Heiji Hattori
91%
De quel instrument joue Shinichi ?Violon
71%
Comment s'appelle le magicien qui a fait plusieurs apparitions ?Kaito Kuroba
67%
Où est-ce que le professeur Agasa a un grain de beauté ?Sur sa fesse droite
66%
Quel était le nom de code d'Akai Shuuichi, lorsqu'il a infiltré l'organisation ?Rye
52%
Qui est Ai HaibaraShiho Miyano
50%
Comment s'appelle la drogue qui a fait rétrécir le corps de Shinichi ?Aptx-4689
46%
Comment s'appelle l'organisation des hommes en noir ?On ne sait pas
30%

Distribution des résultats

Percentile par nombre de réponses

% des personnes avec chaque résultat

Votre développement - résultats

Vous n’avez pas pris ce quiz